00637nam a22002177a 450000500170000001000350001702000260005203500220007803500170010003500130011703500140013003700080014408200100015210000200016224500860018225000110026826000330027927000560031230000320036850000190040020230714105009.0 a1617EN ENG-116815 ENG-137382 a9788126537280c829.00 a1617EN EN-120914 aB-650360-375 aB-664681 aEN-100347 bBSB a629.8 aNise, Norman S. aControl systems engineering :bInternational student version /cby Norman S. Nise a6th ed c2016aNew DelhibJohn Wiley  a4435-36/7, Ansari Road,DaryaganjbNew Delhie110002 c25cm(pbk) :axvi,926pbill. aIncludes index